header

Legitimizing the order (Record no. 249279)

MARC details
000 -LEADER
fixed length control field 01446nam a22003614a 4500
082 04 - DEWEY DECIMAL CLASSIFICATION NUMBER
Classification number 320.9561/0903
245 00 - TITLE STATEMENT
Title Legitimizing the order
260 ## - PUBLICATION, DISTRIBUTION, ETC. (IMPRINT)
Place of publication Leiden ;
-- Boston :
Name of publisher Brill,
Year of publication 2005.
300 ## - PHYSICAL DESCRIPTION
Number of Pages viii, 259 p. :
Other physical details ill.
490 1# - SERIES STATEMENT
Series statement The Ottoman Empire and its heritage,
650 #0 - SUBJECT ADDED ENTRY--TOPICAL TERM
Topical Term Legitimacy of governments
Topical Term State, The.
700 1# - ADDED ENTRY--PERSONAL NAME
Personal name Karateke, Hakan T.
Personal name Reinkowski, Maurus.
856 40 - ELECTRONIC LOCATION AND ACCESS
Uniform Resource Identifier http://site.ebrary.com/lib/rucke/Doc?id=10171691

No items available.

© 2026 Rongo University
Contact us: librarian | system librarian | Rongo university